Contract law : (Record no. 4768)

MARC details
000 -LEADER
fixed length control field 00527nam a22001455i 4500
020 ## - INTERNATIONAL STANDARD BOOK NUMBER
ISBN 9780198808169 (pbk.)
050 ## - CALL NUMBER
Classification number KD1554
Item number .M19
100 1# - AUTHOR
Personal name Ewan, McKendrick.
245 10 - TITLE
Title Contract law :
Remainder of title text, cases, and materials /
Statement of responsibility, etc Ewan McKendrick.
260 ## - PUBLICATION INFORMATION
Place of publication Greate Clarendon Street,Oxford, United Kingdon
Name of publisher Oxford Univ. Press
Year of publication 2016
300 ## - DESCRIPTION
Number of Pages xxxvi,1048pages
Dimensions 25cm.
500 ## - NOTES
General note Includes index.
505 ## - FORMATTED CONTENTS NOTE
Table of Content Introduction<br/>Formation<br/>Terms<br/>Setting the Contract Aside<br/>Remedies for bleach<br/>Third party rights
942 ## - ADDED ENTRY ELEMENTS (KOHA)
Koha item type Books
Holdings
Withdrawn status Lost status Collection code Home library Current library Shelving location Date acquired Source of acquisition Full call number Accession Number Koha item type
    Reference Methodist University Law Library Methodist University Law Library General Stacks   Dansoman Books Shop KD1554 .M19 4986 Books
    Reference Methodist University Law Library Methodist University Law Library General Stacks   Dansoman Books Shop KD1554 .M19 4984 Books
    Reference Methodist University Law Library Methodist University Law Library General Stacks   Dansoman Books Shop KD1554 .M19 4985 Books
    Reference Methodist University Law Library Methodist University Law Library General Stacks   Dansoman Books Shop KD1554 .M19 4983 Books
Copyright © 2026  MUG Library